LEADER 01286nam2-2200409---450 001 990005631000203316 005 20190403124939.0 035 $a000563100 035 $aUSA01000563100 035 $a(ALEPH)000563100USA01 035 $a000563100 100 $a20030326d1990----|||y0itaa50------ba 101 $ager 102 $ade 105 $ae 00||| 200 0 $aBand 6$eHistorisches Lexikon zur politisch-sozialen Sprache in Deutschland$fHerausgegeben von Otto Brunner, Werner Conze, Reinhart Koselleck. St - Vert 210 $aStuttgart$cKlett-Cotta$dcopyr. 1990 215 $aXV, 954 p.$d26 cm. 461 0$1001000064720$12001$aGeschichtliche Grundbegriffe$v6 606 $aGermania$xPolitica$xEnciclopedie$2F 606 $aPolitica$xTerminologia [in] Lingua tedesca$2F 620 $dSTUTTGART 676 $a320.03 702 1$aKOSELLECK,$bReinhart 702 1$aBRUNNER,$bOtto 702 1$aCONZE,$bWerner 801 0$aIT$bSA$c20111219 912 $a990005631000203316 950 0$aDipar.to di Filosofia - Salerno$dDFFF 320.03 GES$e4263 FIL 951 $aFF 320.03 GES$b4263 FIL 959 $aBK 969 $aFIL 979 $c20121027$lUSA01$h1525 979 $c20121027$lUSA01$h1614 996 $aBand 6$91134196 997 $aUNISA NUM $aSA0007747 LEADER 02065nam0 22004333i 450 001 VAN00238465 005 20251105024748.314 017 70$2N$a9783030404222 100 $a20220127d2020 |0itac50 ba 101 $aeng 102 $aCH 105 $a|||| ||||| 181 $ai$b e 182 $ab 183 $acr 200 1 $aAntibiotics and Antimicrobial Resistance Genes$eEnvironmental Occurrence and Treatment Technologies$feditor Muhammad Zaffar Hashmi 210 $aCham$cSpringer$d2020 215 $aXXII, 456 p.$cill.$d24 cm 410 1$1001VAN00238466$12001 $aEmerging Contaminants and Associated Treatment Technologies$1210 $aCham$cSpringer$d2020- 620 $aCH$dCham$3VANL001889 676 $a660.6$cBiotecnologia. Microbiologia applicata$v22 676 $a577.14$cChimica ambientale$v22 676 $a628$cIngegneria ambientale. Sostenibilità dell'ambiente$v22 676 $a614.4$cIgiene. Epidemiologia$v22 676 $a616.9$cMicrobiologia medica. Malattie infettive$v22 702 1$aHashmi$bMuhammad Z.$3VANV195498 712 $aSpringer $3VANV108073$4650 790 1$aHashmi, Muhammad Zaffar$zHashmi, Muhammad Z.$3VANV195499 790 1$aHashmi, M. Z.$zHashmi, Muhammad Z.$3VANV195500 790 1$aHashmi, M.Z.$zHashmi, Muhammad Z.$3VANV200940 801 $aIT$bSOL$c20251107$gRICA 856 4 $u/sebina/repository/catalogazione/documenti/238465.pdf$z238465.pdf 856 4 $uhttps://link.springer.com/openurl?genre=book&isbn=978-3-030-40422-2$zE-book - Accesso al full-text attraverso riconoscimento IP di Ateneo, proxy e/o Shibboleth 899 $aBIBLIOTECA DEL DIPARTIMENTO DI SCIENZE E TECNOLOGIE AMBIENTALI BIOLOGICHE E FARMACEUTICHE$1IT-CE0101$2VAN17 912 $fN 912 $aVAN00238465 950 $aBIBLIOTECA DEL DIPARTIMENTO DI SCIENZE E TECNOLOGIE AMBIENTALI BIOLOGICHE E FARMACEUTICHE$d17CONS e-book 2223 $e17BIB2223/445 445 20220127 996 $aAntibiotics and Antimicrobial Resistance Genes$91933871 997 $aUNICAMPANIA